000 00771nam a2200253 4500
999 _c2838
_d2838
006 a||||go||d| 00| 0
007 cr |||||||||||
008 861201s2001 enka o 001 0 eng d
020 _a9780750653985
_c(ebook)
040 _aKO
_beng
082 0 0 _a623.81
_221
_bR1998
100 1 _aRawson, K. J.
245 1 0 _aBasic ship theory /
_cK. J. Rawson and E. C. Tupper.
250 _a5th ed. [combined volume]
260 _aBoston :
_bButterworth-Heinemann,
_c2001.
300 _a1 online resource
504 _aIncludes bibliographical references (p. 705-708) and index.
650 0 _aNaval architecture.
700 1 _aTupper, E. C.
_eaut
856 4 0 _uhttps://www.sciencedirect.com/science/book/9780750653985
904 _aA_BOSE
942 _cEB